000 01449nam0a22002651 4500
001 rc\4050074
005 20260407185042.0
021 _aRU
_b[54-26798]
035 _a(NLR Aleph) 008105251
090 _a9269352
_c9269352
100 _a20130415d1954 |||y0rusy50 ca
101 0 _arus
102 _aRU
105 _ay z |||||
200 1 _aСборник тезисов докладов XVI научно-технической конференции кафедр института и Научно-исследовательского института мостов при ЛИИЖТ
_fМПС СССР. Ленингр. ордена Ленина ин-т инженеров ж.-д. транспорта им. акад. В.Н. Образцова. Науч.-исслед. отд.
210 _aЛенинград
_cБ. и.
_d1954
215 _a255 с.
_d20
606 _aЖелезнодорожное строительство
_jТезисы докладов
_2psbo
606 _aЖелезные дороги
_jТезисы докладов
_2psbo
710 0 2 _aЛенинградский институт инженеров железнодорожного транспорта им. В. Н. Образцова
_bНаучно-техническая конференция кафедр
_d16
_f1954
_3RU\NLR\AUTH\8810121305
_9740779
801 0 _aRU
_bNLR
_gpsbo
801 1 _aRU
_bELAR
_2rusmarc
852 _aNLR
_jТ88 Г-3/297
942 _cBOOK
980 _aNB